<?xml version="1.0" encoding="UTF-8"?><?xml-stylesheet type="text/xsl" href="static/style.xsl"?><OAI-PMH xmlns="http://www.openarchives.org/OAI/2.0/" xmlns:xsi="http://www.w3.org/2001/XMLSchema-instance" xsi:schemaLocation="http://www.openarchives.org/OAI/2.0/ http://www.openarchives.org/OAI/2.0/OAI-PMH.xsd"><responseDate>2026-04-14T03:38:05Z</responseDate><request verb="GetRecord" identifier="oai:www.recercat.cat:10256/27512" metadataPrefix="marc">https://recercat.cat/oai/request</request><GetRecord><record><header><identifier>oai:recercat.cat:10256/27512</identifier><datestamp>2026-04-08T14:46:58Z</datestamp><setSpec>com_2072_452955</setSpec><setSpec>com_2072_2054</setSpec><setSpec>col_2072_453073</setSpec></header><metadata><record xmlns="http://www.loc.gov/MARC21/slim" xmlns:dcterms="http://purl.org/dc/terms/" xmlns:xsi="http://www.w3.org/2001/XMLSchema-instance" xmlns:doc="http://www.lyncode.com/xoai" xsi:schemaLocation="http://www.loc.gov/MARC21/slim http://www.loc.gov/standards/marcxml/schema/MARC21slim.xsd">
   <leader>00925njm 22002777a 4500</leader>
   <datafield ind2=" " ind1=" " tag="042">
      <subfield code="a">dc</subfield>
   </datafield>
   <datafield ind2=" " ind1=" " tag="720">
      <subfield code="a">Solà i Puig, Miquel</subfield>
      <subfield code="e">author</subfield>
   </datafield>
   <datafield ind2=" " ind1=" " tag="720">
      <subfield code="a">Szczepanik, Dariusz W.</subfield>
      <subfield code="e">author</subfield>
   </datafield>
   <datafield ind2=" " ind1=" " tag="260">
      <subfield code="c">2025-09-25</subfield>
   </datafield>
   <datafield ind2=" " ind1=" " tag="520">
      <subfield code="a">Preprint in: ChemRxiv, 2025, https://doi.org/10.26434/chemrxiv-2025-tzc36</subfield>
   </datafield>
   <datafield ind2=" " ind1=" " tag="520">
      <subfield code="a">Aquesta és una versió no revisada per experts de l'article publicat per De GruyterBrill a 'Pure and Applied Chemistry', publicat en línia el 15 d'abril de 2025 i disponible a https://doi.org/10.1515/pac-2025-0465</subfield>
   </datafield>
   <datafield ind2=" " ind1=" " tag="520">
      <subfield code="a">To celebrate the International Year of Quantum Science and Technology (IYQ), we discuss how the concept of aromaticity emerges from the postulates of quantum mechanics. Based on this discussion, we analyze the case of cyclo [18]carbon, a molecule that was characterized for the first time in 2019 in a scanning tunneling microscope. From the very beginning, this molecule was classified as an aromatic molecule. In the present work, we challenge this classification and provide arguments to classify this molecule as a non-aromatic species</subfield>
   </datafield>
   <datafield ind2=" " ind1=" " tag="520">
      <subfield code="a">Funding source: Departament d'Innovació, Universitats i Empresa, Generalitat de Catalunya: grant number: 2021SGR623; ICREA Academia prize 2024 to M.S.; Infrastruktura PL-Grid: grant number: PLG/2024/017801; Ministerio de Ciencia, Innovación y Universidades: grant number: PID2023-147424NB-I00 and Narodowe Centrum Nauki: grant number: 2021/42/E/ST4/00332</subfield>
   </datafield>
   <datafield tag="653" ind2=" " ind1=" ">
      <subfield code="a">Aromaticitat (Química)</subfield>
   </datafield>
   <datafield tag="653" ind2=" " ind1=" ">
      <subfield code="a">Aromaticity (Chemistry)</subfield>
   </datafield>
   <datafield tag="653" ind2=" " ind1=" ">
      <subfield code="a">Quàntums, Teoria dels</subfield>
   </datafield>
   <datafield tag="653" ind2=" " ind1=" ">
      <subfield code="a">Quantum theory</subfield>
   </datafield>
   <datafield ind2="0" ind1="0" tag="245">
      <subfield code="a">Molecular aromaticity: a quantum phenomenon</subfield>
   </datafield>
</record></metadata></record></GetRecord></OAI-PMH>